Lecture notes on geometric measure theory /

Guardado en:
Autor Principal: Mattila, Pertti.
Formato: Libro
Idioma:English
Publicado: [Badajoz] : Universidad de Extremadura, Facultad de Ciencias, Departamento de Matemáticas, 1986.
Series:Publicaciones del Departamento de Matemáticas, Universidad de Extremadura ; 14
Etiquetas: Agregar Etiqueta
Sin Etiquetas, Sea el primero en etiquetar este registro!
LEADER 00911nam a22001935a 4500
001 MAT.inmabb004406
008 070310s1986####sp#######b####000#0#eng#d
005 20130309104118.0
245 1 0 |a Lecture notes on geometric measure theory /  |c Pertti Mattila. 
260 |a [Badajoz] :  |b Universidad de Extremadura, Facultad de Ciencias, Departamento de Matemáticas,  |c 1986. 
300 |a 122 p. ;  |c 24 cm. 
440 0 |a Publicaciones del Departamento de Matemáticas, Universidad de Extremadura ;  |v 14 
500 |a "These notes are based on the lectures I gave in Jarandilla de la Vera in September 1984 at a meeting organized by the Asociación Matemática Española and the Universidad de Extremadura"--Introduction. 
510 4 |a MR,  |c 89e:49037 
504 |a Bibliografía: p. [117]-122. 
020 |a 846004436X 
100 1 |a Mattila, Pertti. 
084 |a 49Q15 (28A75 49-01)  |2 msc2000 
859 |h 49  |i M444  |p A-6473  |b BIB. MATEMATICA